Bramkarze Wisły Kraków w XXI wieku - Statystyki

Ogólne statystyki
  • Ten quiz został rozwiązany 332 razy
    51 od ostatniego zresetowania
  • Średni wynik to 11 z 25
Statystyki odpowiedzi
Lata gry Narodowość Zawodnik % Poprawnych
2011–2013 Estonia Sergei Pareiko
76%
2006–2010 Polska Mariusz Pawełek
71%
2018-2021 Polska Mateusz Lis
67%
2004–2006 Polska Radosław Majdan
64%
2023- Hiszpania Alvaro Raton
57%
2022- Polska Kamil Broda
57%
2014–2021 Polska Michał Buchalik
57%
2021-2024 Polska Mikołaj Biegański
57%
2024- Białoruś Anton Chichkan
52%
2012–2014 2015-2017 Polska Michał Miśkiewicz
50%
1993–2001 2002–2004 Polska Artur Sarnat
48%
2015-2016 Polska Radosław Cierzniak
45%
2002–2003 Francja Angelo Hugues
43%
2016-2017 Polska Łukasz Załuska
40%
2006-2007 Rumunia Emilian Dolha
38%
2017-2018 Hiszpania Julian Cuesta
38%
2007-2009 Mołdawia Ilie Cebanu
36%
1999–2000 2002–2004 2005 Polska Adam Piekutowski
33%
2021-2022 Polska Paweł Kieszek
33%
2002–2008 2010 Polska Marcin Juszczyk
29%
2001–2002 Słowacja Ivan Trabalik
24%
2010–2012 Serbia Milan Jovanic
21%
2009−2012 Polska Filip Kurto
10%
2013–2015 Polska Gerard Bieszczad
2%
2006-2011 Polska Łukasz Jarosiński
0%
Nie znaleziono quizów pasujących do podanych kryteriów
Rozkład punktacji
Procent ludzi z każdym wynikiem
Percentyl według liczby udzielonych odpowiedzi
Twoja historia wyników
Nie rozwiązałeś tego quizu od ostatniego zresetowania